UM Logo

Disease and history / (Record no. 7733)

MARC details
000 -LEADER
fixed length control field 00636nam a2200181 4500
008 - FIXED-LENGTH DATA ELEMENTS--GENERAL INFORMATION
fixed length control field 171114b xxu||||| |||| 00| 0 eng d
020 ## - INTERNATIONAL STANDARD BOOK NUMBER
International Standard Book Number 0-88029-690-9
082 ## - DEWEY DECIMAL CLASSIFICATION NUMBER
Edition number 1972
Classification number DC 610.09356
Item number C24
100 ## - MAIN ENTRY--PERSONAL NAME
9 (RLIN) 23275
Personal name Cartwright, Frederick F.
245 ## - TITLE STATEMENT
Title Disease and history /
Statement of responsibility, etc. by Frederick F. Cartwright in collaboration with Michael D. Biddiss
260 ## - PUBLICATION, DISTRIBUTION, ETC. (IMPRINT)
Place of publication, distribution, etc. New York :
Name of publisher, distributor, etc. Crowell,
Date of publication, distribution, etc. ©1972.
300 ## - PHYSICAL DESCRIPTION
Extent viii, 248 pages;
Dimensions 22 cm.
500 ## - GENERAL NOTE
General note Includes bibliographical references and index.
650 #0 - SUBJECT ADDED ENTRY--TOPICAL TERM
9 (RLIN) 23276
Topical term or geographic name as entry element Medicine
General subdivision History
650 #0 - SUBJECT ADDED ENTRY--TOPICAL TERM
9 (RLIN) 23277
Topical term or geographic name as entry element Epidemics -- History
650 #0 - SUBJECT ADDED ENTRY--TOPICAL TERM
9 (RLIN) 23278
Topical term or geographic name as entry element History of Medicine
942 ## - ADDED ENTRY ELEMENTS (KOHA)
Source of classification or shelving scheme Dewey Decimal Classification
Koha item type Circulation
Holdings
Withdrawn status Lost status Source of classification or shelving scheme Damaged status Not for loan Collection code Home library Current library Date acquired Source of acquisition Total Checkouts Full call number Barcode Date last seen Copy number Price effective from Koha item type
    Dewey Decimal Classification     Circulation UM Digos College - LIC UM Digos College - LIC 04/28/2004 PLMP   DC 610.09356 C24 1972 17046 04/14/2025 1 11/14/2017 Circulation